000 01581cam a2200409 a 4500
001 16045590
003 OSt
005 20211227162316.0
008 100108s2010 paub fb 001 0 eng
010 _a 2010000732
020 _a9780749457143
035 _a(OCoLC)ocn468979766
038 _akhadija
040 _aDLC
_cDLC
_dYDX
_dBTCTA
_dYDXCP
_dUKM
_dHEBIS
_dCDX
_dLML
_dDLC
042 _apcc
050 0 0 _aHF5415.7
_b.H36 2010
082 0 0 _a658.7
_222
_bHAN
100 1 _aRushton, Alan.
_987060
245 1 4 _aThe handbook of logistics & distribution management /
_cedited by Alan Rushton, Phil Croucher, Peter Baker.
246 3 _aHandbook of logistics and distribution management
250 _a4th ed.
260 _aLondon ;
_aPhiladelphia :
_bKogan Page,
_c2010.
300 _axxvii, 635 p. :
_bill., maps ;
_c24 cm.
500 _a"Chartered Institute of Logistics and Transport, UK."
504 _aIncludes bibliographical references (p. [605]-607) and index.
563 _aHB
650 0 _aPhysical distribution of goods
_xManagement
_vHandbooks, manuals, etc.
_987061
650 0 7 _aDistribution <Physische Distribution>
_2swd
_987051
650 0 7 _aLogistik.
_2swd
_987062
700 1 _aRushton, Alan.
_987060
700 1 _aCroucher, Phil,
_d1954-
_987053
700 1 _aBaker, Peter,
_d1950-
_987054
710 2 _aChartered Institute of Logistics and Transport in the UK.
_987063
906 _a7
_bcbc
_corignew
_d1
_eecip
_f20
_gy-gencatlg
942 _2ddc
_cBK
999 _c33025
_d33025